Pharmaceutical compounding and dispensing / (Record no. 20107)

MARC details
000 -LEADER
fixed length control field 00895cam a22002775a 4500
001 - CONTROL NUMBER
control field 016119962
003 - CONTROL NUMBER IDENTIFIER
control field OSt
005 - DATE AND TIME OF LATEST TRANSACTION
control field 20160131120636.0
008 - FIXED-LENGTH DATA ELEMENTS--GENERAL INFORMATION
fixed length control field 120622s2012 enka frb 001 0 eng d
020 ## - INTERNATIONAL STANDARD BOOK NUMBER
International Standard Book Number 9780857110558 (pbk.)
020 ## - INTERNATIONAL STANDARD BOOK NUMBER
International Standard Book Number 0857110551 (pbk.)
040 ## - CATALOGING SOURCE
Original cataloging agency StDuBDS
Language of cataloging eng
Transcribing agency StDuBDS
Modifying agency Uk
-- EG-ScBUE
082 04 - DEWEY DECIMAL CLASSIFICATION NUMBER
Classification number 615.4
Edition number 22
Item number LAN
100 1# - MAIN ENTRY--PERSONAL NAME
Personal name Langley, Christopher Andrew.
9 (RLIN) 39185
245 10 - TITLE STATEMENT
Title Pharmaceutical compounding and dispensing /
Statement of responsibility, etc Christopher A. Langley, Dawn Belcher.
250 ## - EDITION STATEMENT
Edition statement 2nd ed.
260 ## - PUBLICATION, DISTRIBUTION, ETC. (IMPRINT)
Place of publication, distribution, etc London ;
-- Philadelphia :
Name of publisher, distributor, etc Pharmaceutical Press,
Date of publication, distribution, etc 2012.
300 ## - PHYSICAL DESCRIPTION
Extent viii, 216 p. :
Other physical details ill. ;
Dimensions 24 cm.
500 ## - GENERAL NOTE
General note Previous ed. : 2008.
500 ## - GENERAL NOTE
General note Index : p. 209-216.
504 ## - BIBLIOGRAPHY, ETC. NOTE
Bibliography, etc Includes bibliographical references.
650 #7 - SUBJECT ADDED ENTRY--TOPICAL TERM
Topical term or geographic name as entry element Drugs
General subdivision Dosage forms.
Source of heading or term BUEsh
9 (RLIN) 36089
653 ## - INDEX TERM--UNCONTROLLED
Resource For college Pharmacy
Arrived date list June2015
-- January2016
700 1# - ADDED ENTRY--PERSONAL NAME
Personal name Belcher, Dawn.
942 ## - ADDED ENTRY ELEMENTS (KOHA)
Source of classification or shelving scheme Dewey Decimal Classification
Holdings
Withdrawn status Lost status Source of classification or shelving scheme Damaged status Not for loan Koha collection Home library Current library Shelving location Date acquired Source of acquisition Cost, normal purchase price Serial Enumeration / chronology Total Checkouts Full call number Barcode Date last seen Cost, replacement price Koha item type
    Dewey Decimal Classification       Central Library Central Library First floor 02/07/2015 Purchase 325.00 1091   615.4 LAN 000039233 15/07/2025 406.00 Book - Borrowing